000 01836nam0a2200421 4500
001 RU\NLR\bibl\1208726
005 20260406025557.0
010 _a978-5-382-00310-8
021 _aRU
_b2008-8677
_9481
035 _a(nilc)EL/0000170074
035 _a(NLR Aleph) 001195163
090 _a1742218
_c1742218
100 _a20080128d2007 |||y0rusy50 ca
101 1 _arus
_cfre
102 _aRU
105 _ay z |||||
200 1 _aВоспитание и наследственность
_dÉducation et hérédité
_eсоциологическое исследование
_fЖ. М. Гюйо
_gпер. с фр. И. Нахамкиса
_zfre
205 _aИзд. 2-е, испр.
210 _aМосква
_cURSS
_cИзд-во ЛКИ
_d2007
215 _a220, [1] с.
_d22
225 1 _aИз наследия мировой социологии
300 _aАвт. также на фр. яз.: Jean-Marie Guyau
320 _aБиблиогр. в подстроч. примеч.
510 0 _6z45790
_aÉducation et hérédité
_zfre
606 1 _aНаследственность и воспитание
_91764715
_3RU\NLR\auth\66791880
606 1 _aФилософия французская
_z19 в.
_91369560
_3RU\NLR\auth\66259709
606 1 _aВоспитание
_xФилософские основы
_92340717
_3RU\NLR\auth\661399155
686 _a60.56
_vLBC/PL
_2rubbk
686 _aЮ3(4Фр)6-648
686 _aЮ252
_bЧ30
700 1 _4070
_7ca
_8rus
_aГюйо
_bЖ. М.
_f1854-1888
_gЖан Мари
_9110142
_3RU\NLR\auth\7716
790 1 _4070
_7ba
_8fre
_aGuyau
_bJ. M.
_f1854-1888
_gJean Marie
_946430
_3RU\NLR\auth\7763501
801 0 _aRU
_bЦУНБ Москва
_c20080128
_grcr
801 1 _aRU
_bЦУНБ Москва
_c20080128
_2rusmarc
801 2 _aRU
_bNLR
_c20080401
_grcr
942 _cBOOK
980 _aNB